| 000 | 01107nam a22003017a 4500 | ||
|---|---|---|---|
| 001 | 4861 | ||
| 003 | FISKH | ||
| 005 | 20241021092223.0 | ||
| 008 | 241021b cb ||||| |||| 00| 0 eng d | ||
| 020 | _a9780062083043 | ||
| 040 |
_aFISKH _beng _cFISKH _dFISKH |
||
| 050 | _aPZ7.O222 | ||
| 082 | _a813.6 | ||
| 100 |
_aO'Connor, Jane _d(1947–) |
||
| 245 |
_aFancy nancy fancy day in room 1-a / _cby Jane O'Connor cover illustration by Robin Preiss Glasser interior illustrations by Ted Enik |
||
| 250 | _a2012 | ||
| 260 |
_aNew York : _bHarper, _c2012. |
||
| 300 |
_a32 pages : _bColor illustrations ; _c23 cm |
||
| 505 | _aL | ||
| 520 | _aTo cheer up her classmates after a gloomy week, Nancy thinks of a new celebration, Fancy Day, but when the day arrives Ms. Glass shows up without her fancy dress, and the class must think of a way to make her as elegant as everyone else. | ||
| 521 | 8 |
_a510L
_bLexile |
|
| 521 | 8 |
_aL
_bRaz-Plus |
|
| 650 |
_2Fancy Nancy _aParties |
||
| 650 |
_2Fiction _aSchool |
||
| 700 |
_aGlasser, Preiss Robin _dIllustrator |
||
| 942 |
_2ddc _cBK _n0 |
||
| 999 |
_c4861 _d4861 |
||